Music Quiz

Random Music or Billboard Quiz

'A' #1s (US) Quiz Stats

 Plays Quiz Updated Dec 6, 2014

Challenge
Share
Tweet
Embed
Score 0/43 Timer 10:00
6 Plays Today
Artist Song % Correct
The Jackson 5ABC
87.1%
TotoAfrica
67.1%
Don McLeanAmerican Pie - Parts I & II
64.9%
Meghan TrainorAll About That Bass
52.4%
Robert PalmerAddicted to Love
49.1%
Pink FloydAnother Brick in the Wall Part II
41.4%
Steve Miller BandAbracadabra
41.1%
The Guess WhoAmerican Woman
40.7%
HeartAlone
40.5%
Starland Vocal BandAfternoon Delight
39.4%
Atlantic StarrAlways
37.9%
John LegendAll of Me
37.1%
QueenAnother One Bites the Dust
34.2%
The Rolling StonesAngie
32.7%
Shaggy featuring RayvonAngel
30.4%
Janet JacksonAgain
30.3%
Lionel RichieAll Night Long (All Night)
29.5%
BostonAmanda
28%
Phil CollinsAgainst All Odds (Take a Look at me Now)
27.3%
Color Me BaddAll 4 Love
25.9%
LonestarAmazed
25.4%
Bryan Adams
Rod Stewart Sting
All For Love
25.3%
Artist Song % Correct
K-Ci & JojoAll My Life
23.1%
The 5th DimensionAquarius/Let the Sunshine In (The Flesh Failures)
21.7%
John DenverAnnie's Song
20.9%
JanetAll for You
20.2%
Phil CollinsAnother Day in Paradise
20.1%
The BeatlesAll You Need is Love
19.9%
Gilbert O'SullivanAlone Again (Naturally)
19.4%
Christopher CrossArthur's Theme (Best That You Can Do)
16%
Mariah CareyAlways Be My Baby
14.6%
Billy Vera & The BeatersAt This Moment
12.9%
Ja Rule (feat. Ashanti)Always on Time
11.6%
MonicaAngel of Mine
11.2%
Diana RossAin't No Mountain High Enough
9.7%
Elvis PresleyAre You Lonesome To-night?
9.6%
Helen ReddyAngie Baby
8.6%
Jennifer Lopez featuring Ja RuleAin't It Funny
7.9%
Jennifer Lopez Featuring LL Cool JAll I Have
7.8%
Gloria Estefan & Miami Sound MachineAnything For You
6.7%
Hollywood ArgylesAlley-Oop
6.3%
B.J. Thomas(Hey Won't You Play) Another Somebody Done Somebody Wrong Song
5.3%
Whitney HoustonAll The Man That I Need
4.5%

You're not logged in!

Compare scores with friends on all Sporcle quizzes.
Join for Free
OR
Log In

You Might Also Like...

Show Comments

Extras

Top Quizzes Today


Score Distribution

Your Account Isn't Verified!

In order to create a playlist on Sporcle, you need to verify the email address you used during registration. Go to your Sporcle Settings to finish the process.

Report this User

Report this user for behavior that violates our Community Guidelines.

Details: